000 00308nam a2200133Ia 4500
008 151213s9999 xx 000 0 und d
100 _aNurul Islam
245 _aHarvest
_cNurul Islam
260 _aDhaka
_bKotha Mudrayan
300 _a4493 p.
650 _aReference
700 _aNurul Islam
999 _c2868
_d2868